Statistics for Biggest Southern California Cities by River

Click here to take the quiz!

General Stats

  • This quiz has been taken 5 times
  • The average score is 6 of 26

Answer Stats

RiverPopulationCity% Correct
Santa Ana350kAnaheim
80%
Los Angeles3.9MLos Angeles
80%
San Diego1.4MSan Diego
80%
San Gabriel470kLong Beach
60%
Los Angeles200kGlendale
40%
Los Angeles470kLong Beach
40%
Santa Ana320kRiverside
40%
Santa Ana220kSan Bernardino
40%
Santa Ana310kSanta Ana
40%
Colorado18kBlythe
20%
Colorado5.0kNeedles
20%
San Jacinto44kSan Jacinto
20%
Santa Clara230kSanta Clarita
20%
Whitewater51kCathedral City
0%
San Gabriel110kDowney
0%
San Gabriel110kEl Monte
0%
San Jacinto89kHemet
0%
Whitewater89kIndio
0%
San Jacinto70kLake Elsinore
0%
San Gabriel110kNorwalk
0%
Santa Clara200kOxnard
0%
Whitewater51kPalm Desert
0%
Whitewater45kPalm Springs
0%
San Jacinto79kPerris
0%
San Diego60kSantee
0%
Santa Clara110kVentura
0%

Score Distribution

Percentile by Number Answered

Percent of People with Each Score

Your Score History

You have not taken this quiz